General knowledge digest and general studies/ (Record no. 1916)
[ view plain ]
| 000 -LEADER | |
|---|---|
| Fixed length control field | 00473nam a2200169 4500 |
| 003 - CONTROL NUMBER IDENTIFIER | |
| Control field | SEACOMEC |
| 005 - DATE AND TIME OF LATEST TRANSACTION | |
| Control field | 20241227125835.0 |
| 008 - FIXED-LENGTH DATA ELEMENTS--GENERAL INFORMATION | |
| Fixed length control field | 241227b |||||||| |||| 00| 0 eng d |
| 020 ## - INTERNATIONAL STANDARD BOOK NUMBER / ISBN | |
| International Standard Book Number | 978-8121907989 |
| Price | 518.00 |
| 040 ## - CATALOGING SOURCE | |
| Original cataloging agency | SEACOMEC |
| 082 ## - DEWEY DECIMAL CLASSIFICATION NUMBER | |
| Classification number | 001 |
| Book Number | M697 |
| 100 ## - MAIN ENTRY--PERSONAL NAME | |
| Personal name | Mohan.K |
| 245 ## - TITLE STATEMENT | |
| Title | General knowledge digest and general studies/ |
| Statement of responsibility | K. Mohan, & Mani Ram Aggarwal |
| 250 ## - EDITION STATEMENT | |
| Edition statement | 70th ed |
| 260 ## - IMPRINT | |
| Place of publication | New Delhi : |
| Name of publisher | S. Chand and Company Ltd. |
| Date of publication | 2007 |
| 942 ## - ADDED ENTRY ELEMENTS (KOHA) | |
| Koha item type | Books |
| Withdrawn status | Lost status | Source of classification | Damaged status | Not for loan | Home library | Current library | Date acquired | Total Checkouts | Call number | Accession number | Date last seen | Price effective from | Koha item type | Copy number |
|---|---|---|---|---|---|---|---|---|---|---|---|---|---|---|
| Dewey Decimal Classification | SEACOM ENGINEERING COLLEGE | SEACOM ENGINEERING COLLEGE | 23/05/2008 | 001 M697 | 11572 | 27/12/2024 | 27/12/2024 | Books | ||||||
| Dewey Decimal Classification | SEACOM ENGINEERING COLLEGE | SEACOM ENGINEERING COLLEGE | 23/05/2008 | 001 M697 | 11573 | 27/12/2024 | 27/12/2024 | Books | 1 | |||||
| Dewey Decimal Classification | SEACOM ENGINEERING COLLEGE | SEACOM ENGINEERING COLLEGE | 23/05/2008 | 001 M697 | 11574 | 27/12/2024 | 27/12/2024 | Books | 2 |
